| 000 | 00642cam a2200181 a 4500 | ||
|---|---|---|---|
| 001 | 000011812 | ||
| 005 | 20260209080119.0 | ||
| 008 | 771216s1931 sp b 001 0 spa | ||
| 040 |
_aDO-SdBNP _bspa _cLC _dBNPHU |
||
| 082 |
_a465 _bR696m |
||
| 100 | 1 |
_aRodríguez Marín, Francisco, _d1855-1943. _915478 |
|
| 245 | 1 | 0 |
_aModos adverbiales castizos y bien autorizados que piden lugar en nuestro léxico : _ballególos de sus lecturas / _bFrancisco Rodríguez Marín. |
| 260 |
_aMadrid : _b[Seminario Conciliar], _c1931. |
||
| 300 |
_a178, [2] p. ; _c19 cm. |
||
| 650 | 0 |
_aEspañol _95058 |
|
| 910 | _aCatalogación por copia / LC | ||
| 049 | _aBNGR | ||
| 999 |
_c11486 _d11486 |
||